Štatistická ročenka Slovenskej republiky 1996

Salvato in:
Dettagli Bibliografici
Natura: Libro
Lingua:slovacco
Pubblicazione: Bratislava : Veda, 1996
Tags: Aggiungi Tag
Nessun Tag, puoi essere il primo ad aggiungerne!!

MARC

LEADER 00000nam a22000003a 4500
001 stu30641
005 20150408162349.8
008 980126s1996----xo------------------slo-d
020 |a 80-224-0484-5 
040 |a STU  |b slo 
041 0 |a slo 
044 |a xo 
080 |a 33(437.6)"1996" 
080 |a 31(058)"55" 
245 |a Štatistická ročenka Slovenskej republiky 1996 
260 |a Bratislava :  |b Veda,  |c 1996 
300 |a 681 s 
996 |b 284V029783  |c V*45203/O-19789  |l VVT  |s A  |a 24  |w stu30641_0001